Kvalifikačné vzdelávanie zamestnancov v podniku diplomová práca

Gespeichert in:
Bibliographische Detailangaben
1. Verfasser: Cvečková, Claudia
Körperschaft: Fakulta podnikového manažmentu EU. Katedra manažmentu
Weitere Verfasser: Matulčíková, Marta, 1964-
Format: Buch
Sprache:Slowakisch
Veröffentlicht: Bratislava 2024
Tags: Tag hinzufügen
Keine Tags, Fügen Sie das erste Tag hinzu!

MARC

LEADER 00000nbm a2200000 4500
001 0300971
005 20250211101459.7
041 0 |a slo 
044 |a SK 
245 1 0 |a Kvalifikačné vzdelávanie zamestnancov v podniku  |b diplomová práca  |c Claudia Cvečková ; školiteľ: Marta Matulčíková 
264 1 |a Bratislava  |c 2024 
300 |a 70 s. 
100 1 |a Cvečková, Claudia 
700 1 |a Matulčíková, Marta, 1964- 
710 2 |a Fakulta podnikového manažmentu EU. Katedra manažmentu